Geography Quiz

Random Geography or World Quiz

Southernmost World Capitals Quiz Stats

 Plays Quiz Updated Dec 5, 2018

Support Sporcle.
Go Orange.
Score 0/32 Timer 06:00
6 Plays Today
Rank Capital % Correct
4Buenos Aires, Argentina
89.6%
2Canberra, Australia
89.2%
1Wellington, New Zealand
85.6%
5Santiago, Chile
85.4%
9Pretoria, South Africa
76.3%
20Brasilia, Brazil
73.2%
3Montevideo, Uruguay
70.6%
24Lima, Peru
67.1%
19La Paz, Bolivia
60.9%
31Jakarta, Indonesia
58.8%
10Asuncion, Paraguay
56.3%
17Harare, Zimbabwe
50.1%
12Windhoek, Namibia
50%
28Luanda, Angola
44%
26Port Moresby, Papua New Guinea
43.1%
15Antananarivo, Madagascar
42.4%
Rank Capital % Correct
8Maputo, Mozambique
42.2%
16Suva, Fiji
41.1%
21Lusaka, Zambia
38.7%
11Gaborone, Botswana
36.6%
7Mbabane, Eswatini
35.6%
32Dodoma, Tanzania
35.2%
6Maseru, Lesotho
34.7%
23Apia, Samoa
32.8%
29Dili, East Timor
32.5%
22Lilongwe, Malawi
30.5%
14Port Louis, Mauritius
30.1%
30Funafuti, Tuvalu
27.5%
13Nuku'alofa, Tonga
26.7%
25Moroni, Comoros
26.4%
18Port Vila, Vanuatu
26.4%
27Honiara, Solomon Islands
25.4%

From the Vault

The Last Word: TV Actors

by Flick

These actors just had to have the last word. More than once, in some cases.
Remove Ads.
Support Sporcle.
Get the best of Sporcle when you Go Orange. This ad-free experience offers more features, more stats, and more fun while also helping to support Sporcle. Thank you for becoming a member.

Show Comments

Extras

Top Quizzes Today


Score Distribution

Your Account Isn't Verified!

In order to create a playlist on Sporcle, you need to verify the email address you used during registration. Go to your Sporcle Settings to finish the process.

Report this User

Report this user for behavior that violates our Community Guidelines.

Details: